[Event "Tradewise Gibraltar Chess Festival 2011"]
[Site "Gibraltar ENG"]
[Date "2011.01.30"]
[Round "6.38"]
[White "Zhukova, Natalia"]
[Black "Aerni, Andi"]
[Result "1/2-1/2"]
[WhiteElo "2441"]
[BlackElo "2182"]
[PlyCount "89"]
[EventDate "2011.01.25"]
[EventType "swiss"]
[EventRounds "10"]
[EventCountry "ENG"]
[Source "lmi"]
[SourceDate "2011.01.25"]

1. d4 d5 2. c4 e6 3. Nc3 Nf6 4. Nf3 Be7 5. Bg5 O-O 6. e3 h6 7. Bh4 b6 8. Be2
Bb7 9. Bxf6 Bxf6 10. cxd5 exd5 11. b4 c6 12. O-O Re8 13. Qb3 Qd6 14. a4 Nd7 15.
a5 Rab8 16. axb6 axb6 17. Ra7 Nf8 18. Na4 Bc8 19. Rc1 Be6 20. Qc3 Bd7 21. Bd3
Re7 22. h3 Be8 23. Ra6 Qd8 24. Qb3 Ne6 25. Bf5 Nf8 26. b5 cxb5 27. Nc3 Rc7 28.
Rca1 g6 29. Bd3 Bc6 30. Bxb5 Bxb5 31. Nxb5 Rc4 32. Nc3 Ne6 33. Nd2 Nc5 34. Qa3
Nxa6 35. Nxc4 Nc7 36. Nd2 b5 37. Qb3 Be7 38. Ne2 Ra8 39. Rxa8 Qxa8 40. Nf4 Qc6
41. Nd3 Bd6 42. Kf1 Qa6 43. Ke1 Qa1+ 44. Ke2 Qa5 45. f3 1/2-1/2

[Event "Tradewise Gibraltar Chess Festival 2011"]
[Site "Gibraltar ENG"]
[Date "2011.01.30"]
[Round "6.39"]
[White "Lacrosse, Marc"]
[Black "Nezad, Husein Aziz"]
[Result "0-1"]
[WhiteElo "2181"]
[BlackElo "2420"]
[PlyCount "56"]
[EventDate "2011.01.25"]
[EventType "swiss"]
[EventRounds "10"]
[EventCountry "ENG"]
[Source "lmi"]
[SourceDate "2011.01.25"]

1. d4 d5 2. c4 e6 3. Nc3 c6 4. Nf3 dxc4 5. a4 Bb4 6. e3 b5 7. Bd2 a5 8. axb5
Bxc3 9. Bxc3 cxb5 10. b3 Bb7 11. bxc4 b4 12. Bb2 Nf6 13. Bd3 Nbd7 14. O-O O-O
15. Nd2 Qc7 16. Bc2 e5 17. d5 Rfc8 18. e4 Ba6 19. Rc1 Rab8 20. Ba1 Nc5 21. f4
Nfd7 22. Rf3 Rb6 23. Rg3 Rg6 24. Rxg6 hxg6 25. Kh1 Rb8 26. Rb1 f6 27. Nf3 Qd6
28. fxe5 fxe5 0-1

[Event "Tradewise Gibraltar Chess Festival 2011"]
[Site "Gibraltar ENG"]
[Date "2011.01.30"]
[Round "6.41"]
[White "Boskovic, Drasko"]
[Black "Vaarala, Eric"]
[Result "1/2-1/2"]
[WhiteElo "2412"]
[BlackElo "2152"]
[PlyCount "169"]
[EventDate "2011.01.25"]
[EventType "swiss"]
[EventRounds "10"]
[EventCountry "ENG"]
[Source "lmi"]
[SourceDate "2011.01.25"]

1. d4 d5 2. Bf4 Nf6 3. e3 e6 4. Nd2 c5 5. c3 Qb6 6. Rb1 Nc6 7. Bd3 Bd7 8. h3 c4
9. Bc2 Qa5 10. a3 b5 11. e4 Qb6 12. e5 Ng8 13. Ne2 a5 14. Nf3 a4 15. O-O h6 16.
Nh2 O-O-O 17. Qd2 f5 18. exf6 gxf6 19. Rbe1 Bg7 20. Bg3 h5 21. Nf3 Nge7 22. Nf4
Bh6 23. Qd1 h4 24. Bh2 Bxf4 25. Bxf4 Rdg8 26. Kh1 Nd8 27. Nh2 f5 28. Nf3 Nf7
29. Ne5 Nxe5 30. Bxe5 Rh7 31. Qd2 Ng6 32. Bh2 Rhg7 33. Rg1 Nf8 34. Bd1 Rh7 35.
Bf3 Kb7 36. Re2 Kc8 37. Rge1 Kb7 38. Qf4 Ng6 39. Qg5 Qd8 40. Qd2 Qb6 41. Bf4
Nxf4 42. Qxf4 Qc7 43. Re5 Rg6 44. Kh2 Kc8 45. g3 hxg3+ 46. fxg3 Qd8 47. R1e2
Rgh6 48. Bg2 Qh8 49. Qf1 Qg8 50. Qf4 Qh8 51. Kg1 Qg8 52. R5e3 Rg6 53. Qd6 Rhg7
54. Kh2 Qd8 55. Qf4 Qc7 56. Rf2 Qxf4 57. Rxf4 Rh6 58. Kg1 Kc7 59. Kf2 Kd6 60.
g4 Rhg6 61. Bf3 fxg4 62. hxg4 Rg5 63. Kg3 e5 64. dxe5+ Rxe5 65. Rxe5 Kxe5 66.
Rd4 Be6 67. Rd2 Rf7 68. Rh2 Rf8 69. Rh7 Rf7 70. Rh8 Kd6 71. Rh6 Ke5 72. Rg6 Rf8
73. Rg5+ Kd6 74. Kf2 d4 75. cxd4 b4 76. axb4 c3 77. bxc3 a3 78. Ra5 Bxg4 79.
Ra6+ Kc7 80. Rxa3 Rxf3+ 81. Ke1 Rd3 82. Ra5 Rxc3 83. Rc5+ Rxc5 84. bxc5 Kc6 85.
d5+ 1/2-1/2

[Event "Tradewise Gibraltar Chess Festival 2011"]
[Site "Gibraltar ENG"]
[Date "2011.01.30"]
[Round "6.43"]
[White "Wohl, Aleksandar H"]
[Black "Scholzen, Wolfgang"]
[Result "1-0"]
[WhiteElo "2409"]
[BlackElo "2057"]
[PlyCount "29"]
[EventDate "2011.01.25"]
[EventType "swiss"]
[EventRounds "10"]
[EventCountry "ENG"]
[Source "lmi"]
[SourceDate "2011.01.25"]

1. e4 e5 2. Nf3 Nc6 3. Bb5 a6 4. Ba4 Nf6 5. O-O b5 6. Bb3 Be7 7. d4 d6 8. c3
exd4 9. cxd4 O-O 10. e5 Ne8 11. Bd5 Qd7 12. Re1 Bb7 13. e6 Qd8 14. exf7+ Rxf7
15. Qb3 1-0

[Event "Tradewise Gibraltar Chess Festival 2011"]
[Site "Gibraltar ENG"]
[Date "2011.01.30"]
[Round "6.45"]
[White "Cramling, Pia"]
[Black "Andreasen, Per"]
[Result "1/2-1/2"]
[WhiteElo "2516"]
[BlackElo "2239"]
[PlyCount "132"]
[EventDate "2011.01.25"]
[EventType "swiss"]
[EventRounds "10"]
[EventCountry "ENG"]
[Source "lmi"]
[SourceDate "2011.01.25"]

1. d4 g6 2. e4 Bg7 3. Nf3 d6 4. Bc4 Nf6 5. Qe2 c6 6. e5 dxe5 7. dxe5 Nd5 8. h3
O-O 9. O-O Nb6 10. Bb3 Na6 11. Rd1 Qe8 12. Be3 Nc7 13. c4 Ne6 14. c5 Nd5 15.
Bxd5 cxd5 16. Nc3 Nc7 17. Nxd5 Nxd5 18. Rxd5 Be6 19. Rd2 Rd8 20. Bd4 Rd5 21. b3
Qc6 22. Rad1 Rfd8 23. a4 R5d7 24. Qe3 Bd5 25. Ne1 Qe6 26. Bb2 a6 27. Nc2 a5 28.
Na3 h5 29. Rd3 Kh7 30. Nb5 Bh6 31. f4 Qf5 32. Bc1 Bc6 33. Rxd7 Rxd7 34. Rxd7
Qxd7 35. Nd4 Bd5 36. Bd2 Qc7 37. Qc3 b6 38. c6 f6 39. Nb5 Qxc6 40. Qxc6 Bxc6
41. Na3 fxe5 42. Be3 Bd5 43. Nc4 b5 44. axb5 a4 45. Nxe5 axb3 46. Bd4 Bxf4 47.
Kf2 h4 48. b6 Bg3+ 49. Kg1 Bxe5 50. Bxe5 g5 51. Kf2 Kg6 52. g3 Kf5 53. Bb2 Ke4
54. gxh4 gxh4 55. Ke2 Bb7 56. Ba3 e6 57. Bb2 Kf4 58. Kf2 Ba6 59. Bc3 Ke4 60.
Ba1 Bb7 61. Ke2 Kf4 62. Kf2 Bc8 63. Bc3 Ke4 64. Ke2 Ba6+ 65. Kd1 Kf3 66. Be1
Kg2 1/2-1/2

[Event "Tradewise Gibraltar Chess Festival 2011"]
[Site "Gibraltar ENG"]
[Date "2011.01.30"]
[Round "6.46"]
[White "Spence, David J"]
[Black "Hoffmann, Michael"]
[Result "0-1"]
[WhiteElo "2231"]
[BlackElo "2506"]
[PlyCount "90"]
[EventDate "2011.01.25"]
[EventType "swiss"]
[EventRounds "10"]
[EventCountry "ENG"]
[Source "lmi"]
[SourceDate "2011.01.25"]

1. e4 c5 2. c3 d5 3. exd5 Qxd5 4. d4 Nf6 5. Nf3 e6 6. Be3 cxd4 7. cxd4 Nc6 8.
Nc3 Qd6 9. a3 g6 10. g3 Bg7 11. Bg2 O-O 12. O-O Ne7 13. Bf4 Qd8 14. Be5 Bd7 15.
Nd2 Bc6 16. Nde4 Nxe4 17. Nxe4 Nf5 18. Bxg7 Kxg7 19. d5 Qxd5 20. Qxd5 Bxd5 21.
Rac1 Rac8 22. Rfd1 Rfd8 23. Rxc8 Rxc8 24. Nc3 Bxg2 25. Kxg2 Rc7 26. Nb5 Rc2 27.
Rd7 a6 28. Nc7 Kf8 29. b4 Ne3+ 30. Kf3 Nc4 31. Nxe6+ fxe6 32. Rxb7 Ne5+ 33. Ke4
Nf7 34. Ra7 Rxf2 35. Rxa6 Rxh2 36. a4 h5 37. b5 Rb2 38. b6 g5 39. a5 h4 40.
Ra8+ Kg7 41. gxh4 gxh4 42. Kd4 h3 43. Rc8 h2 44. Rc1 Rb5 45. Ra1 Rxa5 0-1

[Event "Tradewise Gibraltar Chess Festival 2011"]
[Site "Gibraltar ENG"]
[Date "2011.01.30"]
[Round "6.48"]
[White "Monroy, Charles"]
[Black "Jaunooby, Ali R"]
[Result "1-0"]
[WhiteElo "2421"]
[BlackElo "2207"]
[PlyCount "83"]
[EventDate "2011.01.25"]
[EventType "swiss"]
[EventRounds "10"]
[EventCountry "ENG"]
[Source "lmi"]
[SourceDate "2011.01.25"]

1. d4 g6 2. e4 Bg7 3. c4 c5 4. d5 e5 5. Nc3 d6 6. Be2 Ne7 7. g4 h6 8. h4 Nd7 9.
h5 g5 10. Be3 Nf6 11. f3 O-O 12. Nh3 Nh7 13. Nf2 Bd7 14. Rb1 b6 15. a3 Nc8 16.
b4 Qc7 17. O-O Rd8 18. Qc2 Nf6 19. Rb2 Be8 20. Rfb1 Bf8 21. Qd3 Qe7 22. Bd1 a5
23. bxc5 bxc5 24. Ba4 Bxa4 25. Nxa4 Rd7 26. Rb8 Rda7 27. Rxa8 Rxa8 28. Rb5 Qc7
29. Qb3 Ra7 30. Bd2 Be7 31. Nh1 Nd7 32. Ng3 Bd8 33. Bxa5 Qxa5 34. Rxa5 Bxa5 35.
Nf5 Kh7 36. Qb5 Bd8 37. Qc6 Rc7 38. Qa6 Nb8 39. Qa8 Nd7 40. Nxd6 Nxd6 41. Qxd8
Ra7 42. Nb6 1-0

[Event "Tradewise Gibraltar Chess Festival 2011"]
[Site "Gibraltar ENG"]
[Date "2011.01.30"]
[Round "6.49"]
[White "Vogel, Jaap"]
[Black "Mullon, Jean-Baptiste"]
[Result "0-1"]
[WhiteElo "2207"]
[BlackElo "2420"]
[PlyCount "68"]
[EventDate "2011.01.25"]
[EventType "swiss"]
[EventRounds "10"]
[EventCountry "ENG"]
[Source "lmi"]
[SourceDate "2011.01.25"]

1. d4 Nf6 2. Nf3 g6 3. g3 Bg7 4. Bg2 O-O 5. O-O d6 6. c4 c6 7. Nc3 Nbd7 8. e4
Qa5 9. Re1 e5 10. h3 exd4 11. Nxd4 Ne5 12. Bf1 Re8 13. Be3 Be6 14. Nxe6 Rxe6
15. Rb1 Rae8 16. b4 Qc7 17. Rc1 Qb8 18. Kg2 h5 19. Bf4 h4 20. g4 Nh7 21. Qd2 a5
22. a3 axb4 23. axb4 Qd8 24. Be3 g5 25. f3 Qf6 26. Qf2 Ra8 27. Red1 Nf8 28. Rc2
Ra3 29. Bd4 Nfg6 30. c5 dxc5 31. bxc5 Qe7 32. Be2 Nf4+ 33. Kh2 Qc7 34. Bf1 Ned3
0-1

[Event "Tradewise Gibraltar Chess Festival 2011"]
[Site "Gibraltar ENG"]
[Date "2011.01.30"]
[Round "6.50"]
[White "Valgmae, Toomas"]
[Black "Sarkar, Justin"]
[Result "1-0"]
[WhiteElo "2190"]
[BlackElo "2418"]
[PlyCount "99"]
[EventDate "2011.01.25"]
[EventType "swiss"]
[EventRounds "10"]
[EventCountry "ENG"]
[Source "lmi"]
[SourceDate "2011.01.25"]

1. e4 c6 2. d4 d5 3. Nc3 dxe4 4. Nxe4 Bf5 5. Ng3 Bg6 6. Nf3 Nd7 7. Bd3 e6 8.
O-O Ngf6 9. Qe2 Bxd3 10. Qxd3 Bd6 11. Ne4 Nxe4 12. Qxe4 O-O 13. b3 Qc7 14. Bb2
Nf6 15. Qe2 b5 16. h3 Nd5 17. c4 Nf4 18. Qe4 bxc4 19. bxc4 Rab8 20. Rab1 Rb4
21. Nd2 Rfb8 22. Bc3 Rxb1 23. Rxb1 Rxb1+ 24. Nxb1 f5 25. Qe3 Kf7 26. Nd2 c5 27.
g3 cxd4 28. Bxd4 e5 29. gxf4 exd4 30. Qxd4 Bxf4 31. Nf3 g6 32. c5 a5 33. Kg2
Ke6 34. Qc4+ Kf6 35. a4 g5 36. c6 g4 37. Nd4 Qe5 38. Ne2 gxh3+ 39. Kxh3 Bh2 40.
f4 Qe3+ 41. Kxh2 Qf2+ 42. Kh3 Qf3+ 43. Ng3 h5 44. Qd4+ Kg6 45. Qd6+ Kf7 46.
Qd7+ Kg8 47. c7 Qg4+ 48. Kg2 Qxg3+ 49. Kxg3 h4+ 50. Kxh4 1-0

[Event "Tradewise Gibraltar Chess Festival 2011"]
[Site "Gibraltar ENG"]
[Date "2011.01.30"]
[Round "6.52"]
[White "Arnott, Jonathan W"]
[Black "Bellon Lopez, Juan Manuel"]
[Result "0-1"]
[WhiteElo "2176"]
[BlackElo "2404"]
[PlyCount "208"]
[EventDate "2011.01.25"]
[EventType "swiss"]
[EventRounds "10"]
[EventCountry "ENG"]
[Source "lmi"]
[SourceDate "2011.01.25"]

1. e4 c5 2. Nf3 Nc6 3. c3 Nf6 4. e5 Nd5 5. d4 cxd4 6. cxd4 e6 7. Bc4 d6 8. O-O
Be7 9. Qe2 O-O 10. Nc3 Nxc3 11. bxc3 Qc7 12. Bd3 dxe5 13. dxe5 f5 14. exf6 Bxf6
15. Ng5 Bxg5 16. Bxg5 Qe5 17. Qxe5 Nxe5 18. Be4 h6 19. Be7 Rf7 20. Bd6 Nc4 21.
Bg3 Nd2 22. Rfe1 Nxe4 23. Rxe4 Bd7 24. Rd1 Rc8 25. Red4 Rxc3 26. f3 Bc6 27.
Rd8+ Kh7 28. R8d3 Rc4 29. Rd4 Rc5 30. a3 e5 31. R4d3 e4 32. fxe4 Bxe4 33. Rd4
Bc6 34. h3 Rg5 35. Kh2 Rf6 36. Rd6 Rf8 37. Re6 a5 38. Rd2 a4 39. Re5 Rg6 40.
Rde2 Rd8 41. R5e3 Rd1 42. Re1 Rd4 43. R1e2 Rc4 44. Be1 Rc1 45. Rg3 Rb1 46. Rxg6
Kxg6 47. Bb4 Kf5 48. Kg3 h5 49. Kf2 h4 50. Rc2 Rb3 51. Rc5+ Ke6 52. Rh5 Rb2+
53. Ke3 Bxg2 54. Rxh4 Rb3+ 55. Kd2 Bxh3 56. Bc3 Bf5 57. Bxg7 Rxa3 58. Rb4 Ra2+
59. Rb2 Ra3 60. Rb6+ Kd5 61. Rb5+ Ke4 62. Rxb7 Rd3+ 63. Kc1 a3 64. Ra7 Ke3 65.
Re7+ Be4 66. Bh6+ Kf3 67. Bg7 Bf5 68. Ra7 Rb3 69. Kd2 Re3 70. Bf8 a2 71. Bg7
Re2+ 72. Kc3 Re7 73. Rxa2 Rxg7 74. Kd4 Re7 75. Ra1 Kf4 76. Rf1+ Kg5 77. Rg1+
Kf6 78. Kc5 Ke5 79. Re1+ Be4 80. Kc4 Rc7+ 81. Kb5 Rc2 82. Rd1 Bd5 83. Re1+ Kd6
84. Kb4 Rc4+ 85. Kb5 Rc3 86. Rd1 Rb3+ 87. Ka4 Rb8 88. Rc1 Be4 89. Rd1+ Kc5 90.
Rc1+ Kd4 91. Rd1+ Bd3 92. Rg1 Bc4 93. Rg4+ Kc5 94. Rg5+ Bd5 95. Ka3 Rb3+ 96.
Ka4 Rb2 97. Rg3 Bf7 98. Rc3+ Bc4 99. Rh3 Ra2+ 100. Ra3 Rh2 101. Rg3 Rh6 102.
Rg5+ Bd5 103. Ka3 Rh2 104. Rg3 Ra2# 0-1

[Event "Tradewise Gibraltar Chess Festival 2011"]
[Site "Gibraltar ENG"]
[Date "2011.01.30"]
[Round "6.53"]
[White "Thomassen, Joachim"]
[Black "Groffen, Hans"]
[Result "1-0"]
[WhiteElo "2404"]
[BlackElo "2169"]
[PlyCount "85"]
[EventDate "2011.01.25"]
[EventType "swiss"]
[EventRounds "10"]
[EventCountry "ENG"]
[Source "lmi"]
[SourceDate "2011.01.25"]

1. d4 d5 2. c4 c6 3. Nf3 Nf6 4. e3 Bg4 5. h3 Bxf3 6. Qxf3 e6 7. Nc3 Nbd7 8. Bd3
Bb4 9. Bd2 O-O 10. a3 Ba5 11. b4 Bc7 12. cxd5 exd5 13. O-O Re8 14. Rfc1 a6 15.
a4 Qe7 16. b5 axb5 17. axb5 Rxa1 18. Rxa1 Ne4 19. Be1 g6 20. Ra7 Ng5 21. Qd1
Qd6 22. Rxb7 Qh2+ 23. Kf1 Ne6 24. f3 Nf4 25. exf4 Bxf4 26. Ne2 Qh1+ 27. Ng1 Nf6
28. g4 Bh2 29. Bf2 Bxg1 30. Bxg1 Qxh3+ 31. Kf2 h5 32. Bf1 Qh4+ 33. Kg2 hxg4 34.
fxg4 Nxg4 35. Qf3 Nh6 36. bxc6 Nf5 37. Rb3 Re4 38. Qh3 Qg5+ 39. Kh1 Rh4 40. c7
Rxh3+ 41. Bxh3 Ne7 42. Re3 Qh4 43. Bh2 1-0

[Event "Tradewise Gibraltar Chess Festival 2011"]
[Site "Gibraltar ENG"]
[Date "2011.01.30"]
[Round "6.55"]
[White "Lochte, Thomas"]
[Black "Karavade, Eesha"]
[Result "0-1"]
[WhiteElo "2173"]
[BlackElo "2353"]
[PlyCount "50"]
[EventDate "2011.01.25"]
[EventType "swiss"]
[EventRounds "10"]
[EventCountry "ENG"]
[Source "lmi"]
[SourceDate "2011.01.25"]

1. e4 c5 2. d4 cxd4 3. c3 dxc3 4. Nxc3 Nc6 5. Nf3 d6 6. Bc4 a6 7. Bg5 Nf6 8. h3
e6 9. Rc1 Be7 10. O-O O-O 11. a3 b5 12. Ba2 Bb7 13. Qe2 Ne5 14. Nd4 h6 15. Be3
Nxe4 16. Nxe4 Bxe4 17. Rfd1 Bb7 18. Bb1 Qd7 19. Qh5 f5 20. Ba2 Bd5 21. Rc7 Qxc7
22. Nxe6 Bxe6 23. Bxe6+ Kh8 24. Rd5 Rf6 25. Bxf5 Qc4 0-1

[Event "Tradewise Gibraltar Chess Festival 2011"]
[Site "Gibraltar ENG"]
[Date "2011.01.30"]
[Round "6.56"]
[White "Getz, Nicolai"]
[Black "Vinas Guerrero, Carlos A"]
[Result "1-0"]
[WhiteElo "2334"]
[BlackElo "2121"]
[PlyCount "95"]
[EventDate "2011.01.25"]
[EventType "swiss"]
[EventRounds "10"]
[EventCountry "ENG"]
[Source "lmi"]
[SourceDate "2011.01.25"]

1. e4 e5 2. Nf3 Nc6 3. Bb5 f5 4. Nc3 fxe4 5. Nxe4 Nf6 6. Qe2 d5 7. Nxf6+ gxf6
8. d4 Bg7 9. dxe5 O-O 10. e6 Re8 11. O-O Bxe6 12. Bxc6 bxc6 13. Nd4 Bf7 14. Qf3
Qd7 15. c3 c5 16. Nf5 Bg6 17. Nxg7 Kxg7 18. Be3 c4 19. Rfd1 c6 20. b3 Bd3 21.
bxc4 dxc4 22. Rab1 Re7 23. Rb4 Qd5 24. Qxd5 cxd5 25. Rd2 Rd8 26. h3 Rdd7 27.
Bd4 Re1+ 28. Kh2 Re4 29. Be3 Rde7 30. Rb5 Rd7 31. Ra5 Ree7 32. Bd4 Kf7 33. Rb2
Rb7 34. Rxb7 Rxb7 35. Rxd5 Ke6 36. Ra5 f5 37. Kg3 Rd7 38. Rxa7 Rxa7 39. Bxa7
Bc2 40. Kf4 Kf6 41. Bd4+ Ke6 42. f3 Kf7 43. Ke5 Kg6 44. Be3 h6 45. Bd2 h5 46.
h4 Kf7 47. Bg5 Kg6 48. Kd4 1-0

[Event "Tradewise Gibraltar Chess Festival 2011"]
[Site "Gibraltar ENG"]
[Date "2011.01.30"]
[Round "6.57"]
[White "Kolbus, Dietmar"]
[Black "Steil-Antoni, Fiona"]
[Result "1-0"]
[WhiteElo "2332"]
[BlackElo "2118"]
[PlyCount "141"]
[EventDate "2011.01.25"]
[EventType "swiss"]
[EventRounds "10"]
[EventCountry "ENG"]
[Source "lmi"]
[SourceDate "2011.01.25"]

1. c4 e6 2. b3 d5 3. Bb2 Nf6 4. Nf3 Be7 5. g3 O-O 6. Bg2 c5 7. O-O Nc6 8. cxd5
Nxd5 9. Na3 Bf6 10. Nc4 Bxb2 11. Nxb2 b6 12. Nc4 Bb7 13. Rc1 Qe7 14. Qc2 Rfd8
15. Qb2 Qf6 16. Nfe5 Nxe5 17. Nxe5 Rab8 18. d4 cxd4 19. Qxd4 Ne7 20. Qa1 Bxg2
21. Kxg2 Rd5 22. Nd3 Qxa1 23. Rxa1 Rc8 24. Rfc1 Rdd8 25. Kf3 Kf8 26. Rxc8 Rxc8
27. Rc1 Rxc1 28. Nxc1 Nc6 29. Ke4 Ke7 30. g4 Nb4 31. h4 Nd5 32. h5 f5+ 33. gxf5
Nf6+ 34. Kf4 Nxh5+ 35. Ke5 Nf6 36. Nd3 Nd7+ 37. Kf4 Kf6 38. fxe6 Nc5 39. Nb4
Nxe6+ 40. Kg4 g5 41. e3 Kg6 42. Nc6 h5+ 43. Kg3 Nc5 44. Nxa7 Ne4+ 45. Kg2 h4
46. Nc8 Nd2 47. Nxb6 g4 48. Nc4 h3+ 49. Kh1 Ne4 50. Kg1 Kf5 51. a4 Nc5 52. Nd2
Nd3 53. a5 Nb4 54. Kh2 Ke5 55. Kg3 Kd5 56. Nf1 Nd3 57. Kxg4 Nxf2+ 58. Kg3 Nd3
59. Kxh3 Kc5 60. Kg4 Kb5 61. Kf5 Kxa5 62. e4 Kb6 63. e5 Kc7 64. Kf6 Nc5 65. Nd2
Kd7 66. Kf7 Ne6 67. Ne4 Nd4 68. Nf6+ Kc6 69. e6 Kc5 70. e7 Nf5 71. Ne4+ 1-0

[Event "Tradewise Gibraltar Chess Festival 2011"]
[Site "Gibraltar ENG"]
[Date "2011.01.30"]
[Round "6.58"]
[White "Dittmar, Peter"]
[Black "Tari, Aryan"]
[Result "1-0"]
[WhiteElo "2328"]
[BlackElo "2097"]
[PlyCount "93"]
[EventDate "2011.01.25"]
[EventType "swiss"]
[EventRounds "10"]
[EventCountry "ENG"]
[Source "lmi"]
[SourceDate "2011.01.25"]

1. Nf3 Nf6 2. c4 c5 3. g3 g6 4. Bg2 Bg7 5. O-O O-O 6. Nc3 Nc6 7. d4 cxd4 8.
Nxd4 Ng4 9. e3 d6 10. h3 Nge5 11. b3 Nxd4 12. exd4 Nc6 13. Be3 Bd7 14. Qd2 a6
15. Rac1 Rb8 16. d5 Na5 17. Ba7 b5 18. Bxb8 Qxb8 19. Ne2 Qb6 20. cxb5 axb5 21.
Rfd1 Ra8 22. Nd4 Nb7 23. Nc6 Kf8 24. Re1 Re8 25. b4 Nd8 26. Qf4 Bf6 27. g4 Nxc6
28. dxc6 Bc8 29. Bd5 g5 30. Qf3 Kg7 31. Bb3 e6 32. Rcd1 Be5 33. Bc2 h6 34. Rxe5
dxe5 35. Qe4 Kf6 36. Qh7 Qxc6 37. Be4 Qc3 38. Qxh6+ Ke7 39. Qxg5+ Kf8 40. Qh6+
Ke7 41. Qg5+ Kf8 42. Kg2 Qc7 43. Rc1 Qd6 44. Rc5 Qd4 45. Qxe5 Qxb4 46. Rc7 Kg8
47. Qg5+ 1-0

[Event "Tradewise Gibraltar Chess Festival 2011"]
[Site "Gibraltar ENG"]
[Date "2011.01.30"]
[Round "6.59"]
[White "Weber, Tom"]
[Black "Bous, Florian"]
[Result "1-0"]
[WhiteElo "2310"]
[BlackElo "2088"]
[PlyCount "39"]
[EventDate "2011.01.25"]
[EventType "swiss"]
[EventRounds "10"]
[EventCountry "ENG"]
[Source "lmi"]
[SourceDate "2011.01.25"]

1. e4 e5 2. Nf3 Nc6 3. d4 exd4 4. Nxd4 Bc5 5. Nb3 Bb6 6. Nc3 Qf6 7. f4 Nge7 8.
Na4 O-O 9. Be2 d6 10. Nxb6 axb6 11. Bf3 Qg6 12. g4 d5 13. e5 Qe6 14. O-O Ra4
15. c3 Bd7 16. Re1 Qg6 17. Kh1 f5 18. g5 Rfa8 19. a3 Be6 20. Bh5 1-0

[Event "Tradewise Gibraltar Chess Festival 2011"]
[Site "Gibraltar ENG"]
[Date "2011.01.30"]
[Round "6.60"]
[White "Bergstrom, Rolf"]
[Black "Itkis, Hana"]
[Result "0-1"]
[WhiteElo "2307"]
[BlackElo "2084"]
[PlyCount "76"]
[EventDate "2011.01.25"]
[EventType "swiss"]
[EventRounds "10"]
[EventCountry "ENG"]
[Source "lmi"]
[SourceDate "2011.01.25"]

1. e4 d6 2. d4 Nf6 3. Nc3 g6 4. Be3 c6 5. Qd2 b5 6. Bd3 Nbd7 7. Nf3 e5 8. dxe5
dxe5 9. h3 Bb7 10. Bh6 Bxh6 11. Qxh6 Ng8 12. Qd2 Ngf6 13. O-O Qe7 14. Rfe1 O-O
15. Ne2 Nc5 16. Ng3 Nfd7 17. Qh6 Qf6 18. h4 Qg7 19. Qe3 Ne6 20. Rad1 Rfd8 21.
h5 Nf4 22. Bf1 Qf6 23. c4 a6 24. Rd2 Qe7 25. Red1 Ne6 26. a3 Kg7 27. b4 bxc4
28. Bxc4 a5 29. Rd6 Nf4 30. R6d2 axb4 31. axb4 Ba6 32. Qc3 Bxc4 33. Qxc4 Rac8
34. Kh2 Nf6 35. Rxd8 Rxd8 36. Rxd8 Ng4+ 37. Kg1 Qxd8 38. Nf1 Qd1 0-1

[Event "Tradewise Gibraltar Chess Festival 2011"]
[Site "Gibraltar ENG"]
[Date "2011.01.30"]
[Round "6.64"]
[White "Fomani, Mehdi"]
[Black "Malmdin, Nils-Ake"]
[Result "0-1"]
[WhiteElo "2013"]
[BlackElo "2272"]
[PlyCount "121"]
[EventDate "2011.01.25"]
[EventType "swiss"]
[EventRounds "10"]
[EventCountry "ENG"]
[Source "lmi"]
[SourceDate "2011.01.25"]

1. d4 g6 2. g3 Bg7 3. Nf3 d6 4. Bg2 Nf6 5. O-O O-O 6. c3 c6 7. Nbd2 Qc7 8. e4
e5 9. dxe5 dxe5 10. Qc2 Nh5 11. b3 Bg4 12. Ba3 Rd8 13. Nc4 Be6 14. Ne3 h6 15.
Rfd1 Na6 16. Bf1 Bf6 17. Nc4 b5 18. Bd6 Rxd6 19. Nxd6 Rd8 20. Nxb5 cxb5 21.
Rxd8+ Qxd8 22. Bxb5 Qb6 23. Bxa6 Qxa6 24. c4 Bg4 25. Ne1 Bd7 26. Rd1 Qb7 27.
Qd3 Bc6 28. f3 Be7 29. Nc2 Qb6+ 30. Kg2 f5 31. Ne3 fxe4 32. fxe4 Bc5 33. Qd8+
Kg7 34. Qxb6 Bxe4+ 35. Kf1 axb6 36. Rd7+ Kf6 37. Ng4+ Ke6 38. Rd8 Nf6 39. Nxf6
Kxf6 40. Rb8 Bd3+ 41. Ke1 Kf5 42. a3 Ke4 43. b4 Bd4 44. Rc8 Ke3 45. Kd1 Bf5 46.
Rc7 Kd3 47. c5 bxc5 48. bxc5 e4 49. c6 e3 50. Re7 e2+ 51. Ke1 Bc3+ 52. Kf2
e1=Q+ 53. Rxe1 Bxe1+ 54. Kxe1 Kc4 55. Kf2 Kc5 56. Ke3 Kxc6 57. Kf4 h5 58. Kg5
Kb5 59. Kh4 Ka4 60. h3 Kxa3 61. g4 0-1

[Event "Tradewise Gibraltar Chess Festival 2011"]
[Site "Gibraltar ENG"]
[Date "2011.01.30"]
[Round "6.66"]
[White "Hegvik, Leif Trygve"]
[Black "Sipila, Vilka"]
[Result "0-1"]
[WhiteElo "1814"]
[BlackElo "2269"]
[PlyCount "60"]
[EventDate "2011.01.25"]
[EventType "swiss"]
[EventRounds "10"]
[EventCountry "ENG"]
[Source "lmi"]
[SourceDate "2011.01.25"]

1. e4 b6 2. d4 Bb7 3. Nc3 e6 4. Nf3 Bb4 5. Bd3 Nf6 6. Qe2 d5 7. e5 Ne4 8. Bd2
Nxd2 9. Qxd2 c5 10. a3 Bxc3 11. bxc3 h6 12. O-O Qc7 13. Qe3 Ba6 14. Bxa6 Nxa6
15. Qe2 Nb8 16. Qb5+ Nd7 17. a4 a6 18. Qe2 O-O 19. Rfb1 Rfc8 20. Rb2 cxd4 21.
cxd4 Qc4 22. Kf1 Qc3 23. Raa2 Rc4 24. Qe1 Rac8 25. Qxc3 Rxc3 26. Ke2 f6 27. Kd2
Kf7 28. Rb3 R3c6 29. Rab2 Ke7 30. Ne1 fxe5 0-1

[Event "Tradewise Gibraltar Chess Festival 2011"]
[Site "Gibraltar ENG"]
[Date "2011.01.30"]
[Round "6.67"]
[White "Montero Melendez, Rafael"]
[Black "Hauge, Lars Oskar"]
[Result "1/2-1/2"]
[WhiteElo "2265"]
[BlackElo "1942"]
[PlyCount "84"]
[EventDate "2011.01.25"]
[EventType "swiss"]
[EventRounds "10"]
[EventCountry "ENG"]
[Source "lmi"]
[SourceDate "2011.01.25"]

1. c4 e5 2. g3 Nc6 3. Nc3 f5 4. Bg2 Nf6 5. e3 d5 6. cxd5 Nb4 7. d3 c6 8. Nge2
Nbxd5 9. O-O Be7 10. Qb3 Rb8 11. Nxd5 Nxd5 12. e4 Nc7 13. Be3 Be6 14. Qc3 Bf6
15. a4 a6 16. Ba7 Ra8 17. Bc5 Kf7 18. exf5 Bxf5 19. Qb3+ Ne6 20. Qxb7+ Kg6 21.
Ba3 Qxd3 22. Rfe1 Rhe8 23. g4 Bxg4 24. Nf4+ exf4 25. Be4+ Qxe4 26. Rxe4 Ng5 27.
Rc4 Re2 28. Rxf4 Nh3+ 29. Kf1 Nxf4 30. Qxa8 Bd4 31. Qxc6+ Kh5 32. Kg1 Bxf2+ 33.
Kh1 Re3 34. Rf1 Bf3+ 35. Qxf3+ Rxf3 36. Bc5 Bxc5 37. Rxf3 g5 38. a5 Bb4 39. Rb3
Bxa5 40. Ra3 Bb4 41. Rxa6 Nd3 42. Rb6 Bc5 1/2-1/2

[Event "Tradewise Gibraltar Chess Festival 2011"]
[Site "Gibraltar ENG"]
[Date "2011.01.30"]
[Round "6.68"]
[White "Henriksson, Johan"]
[Black "Messam-Sparks, Lateefah"]
[Result "1/2-1/2"]
[WhiteElo "2243"]
[BlackElo "1904"]
[PlyCount "46"]
[EventDate "2011.01.25"]
[EventType "swiss"]
[EventRounds "10"]
[EventCountry "ENG"]
[Source "lmi"]
[SourceDate "2011.01.25"]

1. d4 d5 2. Nf3 Nf6 3. g3 Bf5 4. Bg2 c6 5. O-O h6 6. c4 e6 7. Nc3 Be7 8. Qb3
Qb6 9. c5 Qxb3 10. axb3 Na6 11. Ne1 O-O 12. f4 Rfd8 13. Be3 Ng4 14. Bf2 Nxf2
15. Rxf2 Nxc5 16. dxc5 Bxc5 17. Nf3 Bc2 18. Nd2 Be3 19. Rc1 Bf5 20. Rd1 Bc2 21.
Rc1 Bf5 22. Rd1 Bc2 23. Rc1 Bf5 1/2-1/2